01856nam a2200181 a 450000100080000000500110000800800410001910000200006024500910008026001530017130000200032452012410034465000090158570000270159470000210162170000160164270000160165819288362012-08-22 2012 bl uuuu u00u1 u #d1 aPROCOPIO, S. O. aAvaliação do sistema de plantio cruzado da soja - cultivar de hábito indeterminado. aIn: CONGRESSO BRASILEIRO DE SOJA, 6., 2012, Cuiabá. Soja: integração nacional e desenvolvimento sustentável: anais. Brasília, DF: Embrapac2012 a4 p.c1 CD-ROM. aO sistema denominado de Plantio Cruzado vem sendo reportado na mídia relacionada ao setor agrícola como uma tecnologia capaz de proporcionar incrementos significativos na produtividade da cultura da soja. A motivação para essas divulgações tem como pano de fundo os altos rendimentos obtidos por alguns agricultores que adotaram tal sistema em parte de suas propriedades. A partir desse cenário, objetivou-se com o trabalho avaliar o crescimento e a produtividade da cultivar de soja de hábito indeterminado BRS 359 RR, cultivada no sistema de plantio cruzado e não cruzado. O experimento foi realizado na Fazenda Experimental da Embrapa Soja em Londrina-PR, durante o período de outubro de 2011 a março de 2012. Utilizou-se o delineamento de blocos ao acaso em esquema fatorial 2 x 2 x 2, com três repetições. Os tratamentos foram formados pela combinação de dois espaçamentos entre fileiras (0,4 e 0,6 m), duas densidades de semeadura (375.000 e 562.500 sementes ha-1) e dois sistemas de plantio (plantio cruzado e não cruzado). O crescimento e a produtividade de grãos da cultivar de soja de hábito indeterminado BRS 359 RR não foi afetada pelo plantio cruzado, o qual reduziu a densidade de plantas na colheita. aSoja1 aBALBINOT JUNIOR, A. A.1 aFRANCHINI, J. C.1 aDEBIASI, H.1 aPANISON, F.